| 000 | 00789nam a22002057a 4500 | ||
|---|---|---|---|
| 999 |
_c3972 _d3972 |
||
| 003 | OSt | ||
| 005 | 20241127103713.0 | ||
| 008 | 241127b ||||| |||| 00| 0 eng d | ||
| 020 | _a9781398344396 | ||
| 040 | _cKH8 | ||
| 082 | _a500 BEV | ||
| 100 |
_aBevan, David, _eauthor. |
||
| 245 |
_aCambridge International AS & A Level Chemistry : _bStudy and Revision Guide / _cDavid Bevan. |
||
| 260 |
_aHodder ; _bHodder Education , _c2015. |
||
| 300 |
_a239 pages: _billustrations ; _c30 cm. |
||
| 520 | _aStretch yourself to achieve the highest grades, with structured syllabus coverage, varied exam-style questions and annotated sample answers, to help you to build the essential skill set for exam success. | ||
| 650 | _aStudy guide | ||
| 650 |
_aChemistry _vrevision guife |
||
| 942 |
_2ddc _cTR |
||